Дневникът на един Дръндьо (Запис номер 491947)
[ съкратено ]
| 000 -Лидер | |
|---|---|
| Лидер | 01210nam a2200289 a 4500 |
| 003 - Код на организацията, давaща контролен номер | |
| Код на организацията, даваща контролен номер | BLK |
| 005 - Дата и час на последна редакция | |
| Дата и час на последна редакция | 20250715141206.0 |
| 008 - Елементи от данни с фиксирана дължина | |
| Елементи с фиксирана дължина | 180411b bul|||||r ||||||| ||bul|| |
| 020 ## - Международен стандартен номер на книга ISBN | |
| ISBN | 9786197560244 |
| Коментар към ISBN | 978-619-7560-24-4 |
| 040 ## - Източник на каталожния запис | |
| Код на библиотеката | BLK |
| 041 ## - Код за език | |
| Език | Български |
| Език за КДБФ | Български |
| 080 ## - УДК | |
| УДК текст | Американска литература (на САЩ) |
| УДК код | 821.111(73) |
| УДК – определител | -93-32 |
| УДК – код + определител | 821.111(73)-93-32 |
| 084 ## - Класификационен индекс по друга класификация | |
| Авторски знак | Кин - К 54 |
| 100 1# - Редна дума - Автор | |
| Автор | Кини, Джеф |
| R(LIN) | 309890 |
| 245 10 - Сведения за заглавието | |
| Заглавие | Дневникът на един Дръндьо |
| Подзаглавни данни | Ч. 1 - |
| Авторска отговорност | Джеф Кини ; прев. Михаил Балабанов. |
| Том | Ч. 17 |
| Заглавие на том | Роден за рок |
| 257 ## - Страна на издаване | |
| Страна на създаване/издаване | Съединени американски щати |
| 260 ## - Област на издателските данни | |
| Място на издаване | София |
| Име на издателя | ДУО ДИЗАЙН |
| Година на издаване | 2023 |
| Печатница | [София] : [Инвестпринт] |
| 300 ## - Физическа характеристика | |
| Брой страници | 218 с. |
| Илюстрации | с ил. |
| Размер | 21 см |
| 380 ## - Жанр | |
| Жанр | Детска худож. лит. |
| 500 ## - Общи забележки | |
| Обща забележка | Ориг. загл.: Diary of a wimpy kid: Diper Överlöde / Jeff Kinney<br/>За автора: с. 218 <br/> |
| 700 ## - Други автори (авторска отговорност) | |
| Друг автор | Балабанов, Михаил Петров |
| Авт. отговорност на др. автор | прев. |
| 9 (RLIN) | 443003 |
| 852 ## - Местоположение | |
| Сигнатура (форматна) | Цб 325460 |
| Отдел | Хранилище |
| 852 ## - Местоположение | |
| Отдел | Детски отдел |
| Систематично-азбучна сигнатура | 821-93/К 54 Д |
| 942 ## - АРТИКУЛИ | |
| Вид на библиотечния документ | Книги |
| Скрит в OPAC | Не |
| Koha issues (borrowed), all copies | 379 |
| Периодичен библиозапис | Да |
| 944 ## - СЪЗДАВАНЕ И РЕДАКЦИЯ на ЗАПИСА | |
| Създаване/Редакция | Редакция |
| Дата на регистрацията/редакция | 2024-12-13 |
| Служител, извършил регистрацията/редакцията | 30542 |
| Номер на служител | Русанова Ирена |
| 999 ## - СИСТЕМНИ КОНТРОЛНИ НОМЕРА | |
| Koha biblionumber | 491947 |
| Koha biblioitemnumber | 491947 |
| Код за отписване | Код за изгубен артикул | Източник на класификационната схема | Код за повреда | Код за отдаване | Артикулен № | Име на библиотеката - собственик | Име на библиотеката, в която се намира в момента | Статус (Текущо местоположение) | Дата на вписване в системата | Местоположение - отдел | Цена в лева | Инвентарен номер | Систематично азбучна сигнатура | Баркод | Цена в евро | Служебен тип на артикула | Коз за рестрикции |
|---|---|---|---|---|---|---|---|---|---|---|---|---|---|---|---|---|---|
| Не е изгубен | Universal Decimal Classification | Не е повреден | заемане за дома | 929194 | Регионална библиотека "Любен Каравелов" Русе | Регионална библиотека "Любен Каравелов" Русе | Детски отдел | 2023-06-27 | Детски отдел | 13.93 | 120000888392 | 821-93/К 54 Д | 120000888392 | 7.12 | Книги | ||
| Не е изгубен | Universal Decimal Classification | Не е повреден | заемане за дома | 929195 | Регионална библиотека "Любен Каравелов" Русе | Регионална библиотека "Любен Каравелов" Русе | Детски отдел | 2023-06-27 | Детски отдел | 13.93 | 120000888393 | 821-93/К 54 Д | 120000888393 | 7.12 | Книги | ||
| Не е изгубен | Universal Decimal Classification | Не е повреден | заемане за дома | 929196 | Регионална библиотека "Любен Каравелов" Русе | Регионална библиотека "Любен Каравелов" Русе | Детски отдел | 2023-06-27 | Детски отдел | 13.93 | 120000888390 | 821-93/К 54 Д | 120000888390 | 7.12 | Книги | ||
| Не е изгубен | Universal Decimal Classification | Не е повреден | заемане за дома | 929197 | Регионална библиотека "Любен Каравелов" Русе | Регионална библиотека "Любен Каравелов" Русе | Детски отдел | 2023-06-27 | Детски отдел | 13.93 | 120000888391 | 821-93/К 54 Д | 120000888391 | 7.12 | Книги | ||
| Не е изгубен | Universal Decimal Classification | Не е повреден | заемане за дома | 929198 | Регионална библиотека "Любен Каравелов" Русе | Регионална библиотека "Любен Каравелов" Русе | Детски отдел | 2023-06-27 | Детски отдел | 13.93 | 120000888389 | 821-93/К 54 Д | 120000888389 | 7.12 | Книги | ||
| Не е изгубен | Universal Decimal Classification | Не е повреден | ползва се в читалня | 956690 | Регионална библиотека "Любен Каравелов" Русе | Регионална библиотека "Любен Каравелов" Русе | Хранилище | 2025-01-02 | Хранилище | 19.90 | 120000915583 | Цб 325460 | 120000915583 | 10.17 | Книги | само за читалня |